000 01096cam a22002654a 4500
999 _c24458
_d24458
001 12955067
005 20170128143548.0
008 021002s2003 njua be 000 0 eng
010 _a 2002038676
020 _a1564146405 (pbk.)
042 _apcc
050 0 0 _aBP605.N48 W552 2003
100 1 _aWhitworth, Belinda.
245 1 0 _aNew Age encyclopedia :
_ba mind, body, spirit reference guide /
_cby Belinda Whitworth.
250 _a[Rev. ed.].
260 _aFranklin Lakes, N.J. :
_bNew Page Books,
_cc2003.
300 _a283 p. :
_bill. ;
_c21 cm.
504 _aIncludes bibliographical references (p. 273-283).
650 0 _aNew Age movement
_vEncyclopedias.
942 _2lcc
_cREF_BOOK
_h REF BP605.N48 W552 2003